| 000 | 02504nam a22003257a 4500 | ||
|---|---|---|---|
| 005 | 20170629020001.0 | ||
| 008 | 140218t2011 ck ad grf 00| 0 spa d | ||
| 020 | _a9789589009444 | ||
| 041 | _aspa | ||
| 044 | _ack | ||
| 082 |
_a570.078 _bB116b |
||
| 100 | 1 |
_aBacca González, Cecilia _96593 |
|
| 245 | 1 |
_aBiología General : _bmanual de laboratorio / _cCecilia Bacca González, Sandra Patricia Cadena, Giomar Medina Ospina, Habib Fernando Yanine, Julio César Giraldo y Edgar Reyes |
|
| 260 |
_aBogotá _bUniversidad INCCA de Colombia _c2011 |
||
| 300 |
_a122 p. _c27.5 cm |
||
| 504 | _aContiene bibliografía al final de cada capítulo y tres anexos al final | ||
| 505 | _a1. Presentación p. 5 2. Reconocimiento de laboratorio y normas de seguridad p. 7 3. Microscopía p.11 4. Microscopia. Objetivo de inmersión p. 19 5. Observación de células eucariotas p. 23 6. Obersvación de colonias bacterianas p. 27 7. Separación de mexclas p. 31 8. Mitosis p. 39 9. Meiosis p. 43 10. Dinámica citoplasmática p. 45 11. Identificación de biocompuestos p. 51 12. Reconocimiento cualitativo de carbohidratos p. 59 13. Reconocimiento de vitaminas p. 65 14. Factores que afectan la actividad de las enzimas p. 71 15. Factores que afectan la catalasa p. 77 16. Aislamiento del ADN y reconocimiento por la reacción de la difenilamina p. 83 17. Extracción de ácido desoxirribonucleico a partir de material vegetal y animal p. 89 18. Separación de pigmentos vegetales por cromatografia unidimensional y bidimensional en capa fina p. 95 19. Reconocimiento de cloroplastos (fotosíntesis) p. 99 20. Verificación experimental de la respiración anaerobia p. 103 21. Fermentación de la glucosa por enzimas de la levadura p. 105 | ||
| 650 |
_aBiología _xManuales de Laboratorio _xEnseñanzas _99067 |
||
| 700 | 1 |
_aCadena, Sandra Patricia _eAutor _96600 |
|
| 700 | 1 |
_aMedina Ospina, Giomar _eAutor _96601 |
|
| 700 | 1 |
_aYanine, Habib Fernando _eAutor _96602 |
|
| 700 | 1 |
_aGiraldo, Julio César _eAutor _96603 |
|
| 700 | 1 |
_aReyes, Edgar _eAutor _96604 |
|
| 700 | 1 |
_aPadilla López, Clara Virginia _eEd _eCorrección de Estilo _96594 |
|
| 700 | 1 |
_aSuárez Torres, Fanny Rocío _eDiseño Carátula _96595 |
|
| 700 | 1 |
_aCortés Bacca, Doris Cristina _eDiseño Carátula _96596 |
|
| 700 | 1 |
_aPáez Zamudio, Nadia Smith _eCorrección Electrónica _eArte Final _96597 |
|
| 710 | 2 |
_aUniversidad INCCA de Colombia _bFacultad de Ingeniería, Administración y Ciencias Básicas _eEditorial _99068 |
|
| 942 |
_2ddc _cImpreso _01 |
||
| 999 |
_c8119 _d8119 |
||